| 000 | 00548nam a2200193 a 4500 | ||
|---|---|---|---|
| 005 | 20210223122314.0 | ||
| 008 | 991125s1943 bue 000 0 spa u | ||
| 035 | _aUPN01000033074 | ||
| 049 | _aCG | ||
| 050 | 4 |
_aPN6071 R4 _bE8.58 |
|
| 100 | 1 | _aEtienne, R. H. | |
| 245 | 1 | 0 |
_aJesús modelo de educadores / _cR. H. Etienne ; tr. del francés por H. Demetrio |
| 260 |
_aBuenos Aires : _bRoblet, _c1943 |
||
| 300 | _a132 p | ||
| 440 | 0 |
_aApostolado moderno; _v18 |
|
| 650 | 4 |
_aLITERATURA RELIGIOSA _919429 |
|
| 904 |
_aAC _b033075 |
||
| 905 | _aLibro | ||
| 999 |
_c33074 _d33074 |
||